[Event "ROM-ch"]
[Site "Eforie Nord"]
[Date "2024.02.26"]
[Round "3"]
[White "Melinte, Rares Andrei"]
[Black "Nastore, Pavel Alexandru"]
[Result "1/2-1/2"]
[WhiteElo "1989"]
[BlackElo "2182"]
[PlyCount "53"]
[EventDate "2024.02.24"]
[EventType "swiss"]
[EventRounds "9"]
[EventCountry "ROU"]
[SourceTitle "CB10_2024"]
[SourceDate "2024.03.06"]
[SourceVersion "1"]
[SourceVersionDate "2024.03.06"]
[SourceQuality "1"]

1. d4 Nf6 2. c4 e6 3. g3 c5 4. Nf3 cxd4 5. Nxd4 a6 6. Bg2 Qc7 7. 0-0 Be7 8. b3 0-0 9. Bb2 d6 10. Nc3 Nbd7 11. Rc1 Re8 12. Qd2 Bf8 13. Rfd1 Rb8 14. Na4 Ne5 15. Nf3 Neg4 16. Bd4 Ne4 17. Qc2 f5 18. Nd2 Nxd2 19. Qxd2 Qf7 20. h3 Nf6 21. Bxf6 Qxf6 22. Nb6 Qf7 23. e4 fxe4 24. Bxe4 Bd7 25. Qd3 g6 26. Qf3 Red8 27. Rc2 1/2-1/2

[Event "ROM-ch"]
[Site "Eforie Nord"]
[Date "2024.02.25"]
[Round "2"]
[White "Nastore, Pavel Alexandru"]
[Black "Magold, Filip"]
[Result "0-1"]
[WhiteElo "2182"]
[BlackElo "2400"]
[PlyCount "60"]
[EventDate "2024.02.24"]
[EventType "swiss"]
[EventRounds "9"]
[EventCountry "ROU"]
[SourceTitle "CB10_2024"]
[SourceDate "2024.03.06"]
[SourceVersion "1"]
[SourceVersionDate "2024.03.06"]
[SourceQuality "1"]

1. e4 g6 2. d4 Bg7 3. Nf3 d6 4. h3 Nf6 5. Nc3 0-0 6. Be2 c5 7. d5 b5 8. Bxb5 Nxe4 9. Nxe4 Qa5+ 10. Nc3 Bxc3+ 11. bxc3 Qxb5 12. Nd2 Qa4 13. 0-0 Bf5 14. Nb3 f6 15. Re1 Rf7 16. Qe2 Bc8 17. Be3 Nd7 18. Red1 Nb6 19. Qf3 Bf5 20. Rd2 a5 21. Qd1 Qc4 22. Nc1 Be4 23. f3 Qxc3 24. Nd3 Bf5 25. Bf2 Nxd5 26. g4 Be6 27. Rb1 Nb4 28. a4 f5 29. Nf4 Ba2 30. Rxb4 axb4 0-1

[Event "ROM-chT Rapid"]
[Site "Sebes"]
[Date "2023.12.02"]
[Round "6.11"]
[White "Almasan, Calin Ovidiu"]
[Black "Nastore, Pavel Alexandru"]
[Result "0-1"]
[WhiteElo "1797"]
[BlackElo "2182"]
[PlyCount "75"]
[EventDate "2023.12.02"]
[EventType "team-swiss (rapid)"]
[EventRounds "8"]
[EventCountry "ROU"]
[SourceTitle "CB49_2023"]
[SourceDate "2023.12.06"]
[SourceVersion "1"]
[SourceVersionDate "2023.12.06"]
[SourceQuality "1"]
[WhiteTeam "Cluj Napoca"]
[BlackTeam "Timisoara"]
[WhiteTeamCountry "ROU"]
[BlackTeamCountry "ROU"]

1. e4 c5 2. c3 d5 3. d3 dxe4 4. dxe4 Qxd1+ 5. Kxd1 Nc6 6. Be3 e6 7. Bd3 Nf6 8. f3 Be7 9. Nd2 Bd7 10. Nb3 Ne5 11. Be2 Ba4 12. Kc1 b6 13. Nh3 0-0 14. Nf2 Ned7 15. Nd2 Bc6 16. h3 Rfe8 17. Ng4 Nh5 18. Bf2 Nf4 19. Bf1 h5 20. Ne3 h4 21. g3 hxg3 22. Bxg3 Nh5 23. Rg1 Nxg3 24. Rxg3 Bd6 25. Rg2 Bf4 26. Re2 Ne5 27. Ng2 Bxd2+ 28. Kxd2 Nxf3+ 29. Ke3 Nh2 30. Rf2 Nxf1+ 31. Raxf1 f6 32. Nf4 Rad8 33. Rg1 Bb5 34. b3 Kf7 35. Rfg2 g5 36. c4 gxf4+ 37. Kxf4 e5+ 38. Kf5 0-1

[Event "ROM-chT Rapid"]
[Site "Sebes"]
[Date "2023.12.02"]
[Round "1.7"]
[White "Campean, Radu Traian"]
[Black "Nastore, Pavel Alexandru"]
[Result "0-1"]
[WhiteElo "1388"]
[BlackElo "2182"]
[PlyCount "76"]
[EventDate "2023.12.02"]
[EventType "team-swiss (rapid)"]
[EventRounds "8"]
[EventCountry "ROU"]
[SourceTitle "CB49_2023"]
[SourceDate "2023.12.06"]
[SourceVersion "1"]
[SourceVersionDate "2023.12.06"]
[SourceQuality "1"]
[WhiteTeam "Alba Iulia Unirea II"]
[BlackTeam "Timisoara"]
[WhiteTeamCountry "ROU"]
[BlackTeamCountry "ROU"]

1. d4 Nf6 2. Bf4 d5 3. e3 c5 4. c3 Nc6 5. Bd3 e6 6. Nf3 Bd6 7. Bg3 0-0 8. Nbd2 Re8 9. Ne5 Ne7 10. f4 Nf5 11. Qf3 Qb6 12. Rb1 Bf8 13. Bf2 Nd6 14. g4 Nfe4 15. Nxe4 dxe4 16. Bxe4 Nxe4 17. Qxe4 f6 18. Nd3 Bd7 19. dxc5 Qc7 20. Qc4 b5 21. Qb3 Qc6 22. Ke2 a5 23. Rhg1 Qe4 24. g5 Be7 25. gxf6 Bxf6 26. Rg3 Bc6 27. Rbg1 Bd5 28. Qxb5 Bc4 29. Qd7 Re7 30. Qd6 a4 31. c6 Bb5 32. c7 Rd7 33. Qxd7 Bxd7 34. Ne5 Bb5+ 35. c4 Bxc4+ 36. Nxc4 Qxc4+ 37. Kf3 Qxc7 38. e4 e5 0-1

[Event "ROM-chT Rapid"]
[Site "Sebes"]
[Date "2023.12.02"]
[Round "5.7"]
[White "Nastore, Pavel Alexandru"]
[Black "Teodorescu, Razvan"]
[Result "1/2-1/2"]
[WhiteElo "2182"]
[BlackElo "2118"]
[PlyCount "89"]
[EventDate "2023.12.02"]
[EventType "team-swiss (rapid)"]
[EventRounds "8"]
[EventCountry "ROU"]
[SourceTitle "CB49_2023"]
[SourceDate "2023.12.06"]
[SourceVersion "1"]
[SourceVersionDate "2023.12.06"]
[SourceQuality "1"]
[WhiteTeam "Timisoara"]
[BlackTeam "Alba Iulia Unirea"]
[WhiteTeamCountry "ROU"]
[BlackTeamCountry "ROU"]

1. e4 c5 2. Nf3 Nc6 3. d4 cxd4 4. Nxd4 e5 5. Nb5 d6 6. N1c3 a6 7. Na3 b5 8. Nd5 Nf6 9. Bg5 Be7 10. Bxf6 Bxf6 11. c3 Bg5 12. Nc2 0-0 13. a4 bxa4 14. Rxa4 a5 15. Be2 Rb8 16. b4 Be6 17. 0-0 g6 18. Qd3 Kh8 19. Rd1 axb4 20. Ncxb4 Qd7 21. Ra6 Nxb4 22. Nxb4 Rfc8 23. Rxd6 Qb7 24. Nd5 Kg7 25. c4 Qb2 26. Bf1 Rb3 27. Qe2 Qa3 28. Rb6 Rxb6 29. Nxb6 Rb8 30. Nd5 Rb2 31. Qd3 Qc5 32. Qf3 Rc2 33. Be2 Rb2 34. h3 h5 35. Qd3 Ra2 36. Rb1 Rd2 37. Qf3 Bxd5 38. cxd5 Qc2 39. Re1 Rd4 40. Bf1 h4 41. Ra1 Qxe4 42. Qxe4 Rxe4 43. Rd1 Rd4 44. Rxd4 exd4 45. Bc4 1/2-1/2

[Event "ROM-chT"]
[Site "Eforie Nord"]
[Date "2023.09.28"]
[Round "8.6"]
[White "Magold, Filip"]
[Black "Nastore, Pavel Alexandru"]
[Result "1-0"]
[WhiteElo "2314"]
[BlackElo "2180"]
[PlyCount "83"]
[EventDate "2023.09.21"]
[EventType "team-tourn"]
[EventRounds "9"]
[EventCountry "ROU"]
[SourceTitle "EXT 2024"]
[Source "ChessBase"]
[SourceDate "2023.10.10"]
[SourceVersion "1"]
[SourceVersionDate "2023.10.10"]
[SourceQuality "1"]
[WhiteTeam "Arad Vados"]
[BlackTeam "Timisoara Vest Univ"]
[WhiteTeamCountry "ROU"]
[BlackTeamCountry "ROU"]

1. Nf3 Nf6 2. g3 e6 3. Bg2 d5 4. 0-0 c5 5. c4 d4 6. e3 Nc6 7. exd4 cxd4 8. d3 Bd6 9. Bg5 h6 10. Bxf6 Qxf6 11. Nbd2 Qe7 12. a3 a5 13. Rc1 0-0 14. Re1 Rd8 15. Ne4 Bc7 16. c5 e5 17. Nfd2 Be6 18. Nc4 Bd5 19. Ncd6 Bxd6 20. Nxd6 Qe6 21. Bxd5 Qxd5 22. Nxb7 Rdb8 23. Nd6 Rb3 24. Nc4 Rab8 25. Nb6 Qe6 26. Re2 f6 27. Rc4 a4 28. Rxa4 h5 29. h4 f5 30. Rc4 Na5 31. Rxd4 Rxb2 32. Rxb2 exd4 33. Re2 Qc6 34. Re5 Rd8 35. Rxf5 Re8 36. Nd5 g6 37. Nf6+ Kf8 38. Rf4 Re6 39. Ne4+ Kg7 40. Qf3 Qd7 41. Ng5 Re7 42. Rf8 1-0

[Event "ROM-chT"]
[Site "Eforie Nord"]
[Date "2023.09.25"]
[Round "5.6"]
[White "Nastore, Pavel Alexandru"]
[Black "Andronescu, Madalin"]
[Result "1-0"]
[WhiteElo "2180"]
[BlackElo "2030"]
[PlyCount "85"]
[EventDate "2023.09.21"]
[EventType "team-tourn"]
[EventRounds "9"]
[EventCountry "ROU"]
[SourceTitle "EXT 2024"]
[Source "ChessBase"]
[SourceDate "2023.10.10"]
[SourceVersion "1"]
[SourceVersionDate "2023.10.10"]
[SourceQuality "1"]
[WhiteTeam "Timisoara Vest Univ"]
[BlackTeam "Buzau Phoenix"]
[WhiteTeamCountry "ROU"]
[BlackTeamCountry "ROU"]

1. e4 e5 2. Nf3 Nc6 3. Bb5 a6 4. Ba4 g6 5. c3 Bg7 6. 0-0 Nge7 7. d4 exd4 8. cxd4 0-0 9. d5 b5 10. Bb3 Na5 11. Bd2 c5 12. Bc3 d6 13. h3 h6 14. Bc2 Nc4 15. b3 Nb6 16. a4 g5 17. axb5 axb5 18. Rxa8 Nxa8 19. Bxg7 Kxg7 20. Nc3 Nc7 21. b4 cxb4 22. Qd4+ Kg8 23. Qxb4 Na6 24. Qd4 b4 25. Nd1 Ng6 26. Ne3 Qc7 27. Qf6 Nc5 28. Bb1 Nd7 29. Qb2 Nc5 30. Nd4 Kh7 31. Ndf5 Bxf5 32. Nxf5 Ne5 33. Qxb4 Rb8 34. Qd2 Nb3 35. Qd1 Kg6 36. Ng3 Kh7 37. Nf5 Kg6 38. Ng3 Kh7 39. Bc2 Nd4 40. Qxd4 Qxc2 41. Nf5 Qc4 42. Qa7 Qb4 43. Qe7 1-0

[Event "EU-ch U16 31st"]
[Site "Mamaia"]
[Date "2023.09.06"]
[Round "2"]
[White "Nastore, Pavel Alexandru"]
[Black "Milikow, Elie"]
[Result "1/2-1/2"]
[WhiteElo "2180"]
[BlackElo "2430"]
[PlyCount "107"]
[EventDate "2023.09.05"]
[EventType "swiss"]
[EventRounds "9"]
[EventCountry "ROU"]
[SourceTitle "EXT 2024"]
[Source "ChessBase"]
[SourceDate "2023.10.10"]
[SourceVersion "1"]
[SourceVersionDate "2023.10.10"]
[SourceQuality "1"]

1. e4 c5 2. Nf3 Nc6 3. d4 cxd4 4. Nxd4 e5 5. Nb5 d6 6. N1c3 a6 7. Na3 Be7 8. Nd5 Nf6 9. Nxf6+ Bxf6 10. Nc4 0-0 11. c3 Be7 12. Ne3 Bg5 13. Be2 Be6 14. 0-0 Ne7 15. Nc4 Bxc1 16. Rxc1 Rc8 17. b3 Bxc4 18. Bxc4 Rc5 19. Qd2 b5 20. Be2 Qb6 21. Rfd1 Rd8 22. Qe3 Qc7 23. b4 Rc6 24. Rd3 d5 25. Rcd1 Rcd6 26. Qc5 Qb7 27. exd5 e4 28. Rd4 Nf5 29. Rxe4 g6 30. f3 Rc8 31. Qf2 Rxd5 32. Rxd5 Qxd5 33. g4 Ng7 34. Qd4 Qxa2 35. c4 Ne6 36. Qf6 Rc6 37. c5 Rc8 38. h4 a5 39. bxa5 Rxc5 40. Qe7 Rc1+ 41. Kf2 Rh1 42. Qe8+ Nf8 43. Re7 Qd5 44. Kg2 Ra1 45. a6 Rxa6 46. Qxb5 Qxb5 47. Bxb5 Re6 48. Ra7 h6 49. Bc4 Rf6 50. Kg3 Ne6 51. Bxe6 Rxe6 52. Ra5 Re1 53. h5 gxh5 54. Rxh5 1/2-1/2

[Event "Arad op 16th"]
[Site "Arad"]
[Date "2023.08.10"]
[Round "5"]
[White "Nastore, Pavel Alexandru"]
[Black "Sanduleac, Vasile"]
[Result "0-1"]
[WhiteElo "2191"]
[BlackElo "2368"]
[PlyCount "68"]
[EventDate "2023.08.07"]
[EventType "swiss"]
[EventRounds "9"]
[EventCountry "ROU"]
[SourceTitle "EXT 2024"]
[Source "ChessBase"]
[SourceDate "2023.10.10"]
[SourceVersion "1"]
[SourceVersionDate "2023.10.10"]
[SourceQuality "1"]

1. e4 g6 2. d4 Bg7 3. Nc3 c6 4. h3 d6 5. f4 e5 6. dxe5 Qh4+ 7. g3 Qxg3+ 8. Ke2 b6 9. Nb5 Ba6 10. c4 cxb5 11. Nf3 Ne7 12. exd6 Nf5 13. Qd5 0-0 14. cxb5 Nc6 15. Be3 Ncd4+ 16. Bxd4 Nxd4+ 17. Nxd4 Bxd4 18. bxa6 Qe3+ 19. Kd1 Qf3+ 20. Kd2 Be3+ 21. Kc3 Qxh1 22. Rd1 Bxf4 23. d7 Rad8 24. Bc4 Qxh3+ 25. Rd3 Qh5 26. Qb7 Qe5+ 27. Kb3 Qc7 28. Qd5 Qc5 29. Qb7 b5 30. Bd5 Kg7 31. Rf3 Be5 32. a3 h5 33. Bc6 Qd4 34. Bxb5 Qd1+ 0-1

[Event "Brasov GP RO"]
[Site "Brasov"]
[Date "2023.07.19"]
[Round "6"]
[White "Gedajlovic, Max"]
[Black "Nastore, Pavel Alexandru"]
[Result "1-0"]
[WhiteElo "2416"]
[BlackElo "2219"]
[PlyCount "87"]
[EventDate "2023.07.16"]
[EventType "swiss"]
[EventRounds "9"]
[EventCountry "ROU"]
[SourceTitle "CBM 215 Extra"]
[Source "ChessBase"]
[SourceDate "2023.09.30"]
[SourceVersion "1"]
[SourceVersionDate "2023.09.30"]
[SourceQuality "1"]

1. e4 e5 2. Nf3 Nc6 3. Bc4 Nf6 4. d3 Bc5 5. 0-0 a6 6. a4 d6 7. h3 h6 8. c3 Ba7 9. Re1 g5 10. Be3 Bxe3 11. fxe3 g4 12. hxg4 Bxg4 13. Nbd2 Qd7 14. Qe2 Be6 15. Nh4 Rg8 16. Rf1 Ng4 17. b4 h5 18. Nf5 Ne7 19. b5 a5 20. Qf3 0-0-0 21. Ba2 Rg5 22. Nxe7+ Qxe7 23. Bxe6+ fxe6 24. Qh3 Rg7 25. Rf3 b6 26. d4 Rdg8 27. Nc4 Kb7 28. Raf1 exd4 29. exd4 d5 30. Nd2 Qg5 31. Rd1 Qh6 32. exd5 exd5 33. Nf1 Qe6 34. Qh4 Qe4 35. Ng3 Qc2 36. Rdf1 Qd2 37. Nf5 Ne3 38. Nxe3 Rxg2+ 39. Kh1 Re2 40. Qxh5 Ka7 41. Qh7 Rc8 42. Rf8 Kb7 43. Rxc8 Kxc8 44. Nxd5 1-0

[Event "Bucharest Grand Prix"]
[Site "Bucharest"]
[Date "2023.04.30"]
[Round "7"]
[White "Yankelevich, Lev"]
[Black "Nastore, Pavel Alexandru"]
[Result "1/2-1/2"]
[WhiteElo "2459"]
[BlackElo "2216"]
[PlyCount "85"]
[EventDate "2023.04.29"]
[EventType "swiss (rapid)"]
[EventRounds "10"]
[EventCountry "ROU"]
[SourceTitle "CBM 213 Extra"]
[Source "ChessBase"]
[SourceDate "2023.05.31"]
[SourceVersion "1"]
[SourceVersionDate "2023.05.31"]
[SourceQuality "1"]

1. e4 e5 2. Nf3 Nc6 3. Bb5 a6 4. Ba4 Nf6 5. 0-0 Nxe4 6. d4 b5 7. Bb3 d5 8. dxe5 Be6 9. Be3 Nc5 10. Bxc5 Bxc5 11. Nc3 Ne7 12. Nd4 0-0 13. Kh1 Bb6 14. Nce2 c5 15. Nxe6 fxe6 16. c3 c4 17. Bc2 Bxf2 18. Qd2 Bc5 19. Nf4 Qd7 20. Nh5 h6 21. Qe2 Nf5 22. Bxf5 Rxf5 23. Rxf5 exf5 24. e6 Qd6 25. Re1 Re8 26. h4 d4 27. cxd4 Qxd4 28. g3 Qd5+ 29. Kh2 Bd6 30. Qe3 Re7 31. Kh3 b4 32. Qxh6 Qf3 33. Qg6 c3 34. bxc3 bxc3 35. Rc1 Be5 36. Rb1 c2 37. Nf6+ Kf8 38. Nd7+ Rxd7 39. exd7 Qg4+ 40. Kg2 Qe2+ 41. Kh3 Qg4+ 42. Kg2 Qe2+ 43. Kh3 1/2-1/2

[Event "ROM-chT Blitz"]
[Site "Sebes"]
[Date "2022.12.04"]
[Round "2.15"]
[White "Chiheri, Alexandru Virgil"]
[Black "Nastore, Pavel Alexandru"]
[Result "0-1"]
[WhiteElo "1937"]
[BlackElo "2218"]
[PlyCount "58"]
[EventDate "2022.12.04"]
[EventType "team-swiss (blitz)"]
[EventRounds "8"]
[EventCountry "ROU"]
[SourceTitle "CBM 211 Extra"]
[Source "ChessBase"]
[SourceDate "2023.01.31"]
[SourceVersion "1"]
[SourceVersionDate "2023.01.31"]
[SourceQuality "1"]
[WhiteTeam "Targu Mures Juvenes"]
[BlackTeam "Timisoara Vest Univ"]
[WhiteTeamCountry "ROU"]
[BlackTeamCountry "ROU"]

1. e4 c5 2. Nf3 d6 3. d4 cxd4 4. Nxd4 Nf6 5. Nc3 a6 6. Qd3 e5 7. Nb3 h6 8. f3 Be6 9. Be3 Nbd7 10. 0-0-0 Rc8 11. Kb1 Be7 12. g4 b5 13. Qd2 Nb6 14. Qf2 Nc4 15. Bc1 Qc7 16. Bd3 Rb8 17. h4 a5 18. g5 Nh5 19. Ne2 a4 20. Nd2 Na5 21. f4 exf4 22. Nxf4 Nxf4 23. Qxf4 b4 24. b3 axb3 25. cxb3 Qc3 26. Nf3 hxg5 27. hxg5 Rxh1 28. Rxh1 Qxd3+ 29. Ka1 Nxb3+ 0-1

[Event "ROM-chT Rapid"]
[Site "Sebes"]
[Date "2022.12.03"]
[Round "5.8"]
[White "Nastore, Pavel Alexandru"]
[Black "Bulau, Andrei Cristian"]
[Result "0-1"]
[WhiteElo "2218"]
[BlackElo "2154"]
[PlyCount "70"]
[EventDate "2022.12.03"]
[EventType "team-swiss (rapid)"]
[EventRounds "8"]
[EventCountry "ROU"]
[SourceTitle "CBM 211 Extra"]
[Source "ChessBase"]
[SourceDate "2023.01.31"]
[SourceVersion "1"]
[SourceVersionDate "2023.01.31"]
[SourceQuality "1"]
[WhiteTeam "Timisoara Vest Univ"]
[BlackTeam "Techirghiol Victoria"]
[WhiteTeamCountry "ROU"]
[BlackTeamCountry "ROU"]

1. d4 d5 2. Nf3 e6 3. g3 Nf6 4. Bg2 b6 5. 0-0 Bb7 6. c4 Nbd7 7. b3 Bd6 8. Bb2 0-0 9. Nbd2 Qe7 10. Rc1 c5 11. Re1 e5 12. dxe5 Nxe5 13. Nh4 Qe6 14. cxd5 Bxd5 15. f4 Bxg2 16. fxe5 Bc6 17. Ndf3 Rad8 18. Qc2 Ng4 19. Qf5 Be7 20. Qf4 f6 21. Nf5 Nxe5 22. Nxe7+ Qxe7 23. Nxe5 fxe5 24. Qxe5 Qxe5 25. Bxe5 Rd2 26. b4 Re8 27. bxc5 Rxe5 28. cxb6 Be4 29. bxa7 Rxa2 30. Rc7 Rea5 31. Rd1 h6 32. Rdd7 Rf5 33. Rxg7+ Kf8 34. a8Q+ Rxa8 35. Ra7 Rb8 0-1

[Event "ROM-chT Rapid"]
[Site "Sebes"]
[Date "2022.12.03"]
[Round "4.4"]
[White "Talu, Mircea"]
[Black "Nastore, Pavel Alexandru"]
[Result "1-0"]
[WhiteElo "2327"]
[BlackElo "2218"]
[PlyCount "63"]
[EventDate "2022.12.03"]
[EventType "team-swiss (rapid)"]
[EventRounds "8"]
[EventCountry "ROU"]
[SourceTitle "CBM 211 Extra"]
[Source "ChessBase"]
[SourceDate "2023.01.31"]
[SourceVersion "1"]
[SourceVersionDate "2023.01.31"]
[SourceQuality "1"]
[WhiteTeam "Arad Vados"]
[BlackTeam "Timisoara Vest Univ"]
[WhiteTeamCountry "ROU"]
[BlackTeamCountry "ROU"]

1. Nf3 Nf6 2. b3 d5 3. Bb2 e6 4. e3 Bd6 5. c4 0-0 6. Be2 Re8 7. d4 c6 8. 0-0 Nbd7 9. Nbd2 b6 10. Ne5 Bb7 11. f4 c5 12. g4 Ne4 13. Nxe4 dxe4 14. Nxd7 Qxd7 15. dxc5 bxc5 16. Qd2 Qc7 17. Rad1 Rad8 18. Qc3 Bf8 19. g5 e5 20. f5 f6 21. gxf6 gxf6 22. Kf2 Qc8 23. Bg4 Rxd1 24. Rxd1 Rd8 25. Qc2 Rd7 26. Rxd7 Qxd7 27. Qd1 Qg7 28. h4 Qh6 29. Bh5 Bc6 30. Ba3 Qg7 31. Qd8 Qh6 32. Bxc5 1-0

[Event "Sebes Romanian Rapid op"]
[Site "Sebes"]
[Date "2022.12.02"]
[Round "5"]
[White "Roncea, Radu"]
[Black "Nastore, Pavel Alexandru"]
[Result "0-1"]
[WhiteElo "1600"]
[BlackElo "2218"]
[PlyCount "98"]
[EventDate "2022.12.02"]
[EventType "swiss (rapid)"]
[EventRounds "8"]
[EventCountry "ROU"]
[SourceTitle "CBM 211 Extra"]
[Source "ChessBase"]
[SourceDate "2023.01.31"]
[SourceVersion "1"]
[SourceVersionDate "2023.01.31"]
[SourceQuality "1"]

1. d4 Nf6 2. c4 c5 3. e3 cxd4 4. exd4 g6 5. Nf3 Bg7 6. Nc3 0-0 7. Be2 d5 8. cxd5 Nxd5 9. 0-0 Nc6 10. Be3 b6 11. Rc1 Bb7 12. Qd2 Nxe3 13. fxe3 Qd7 14. a3 Rac8 15. Bb5 a6 16. Ba4 b5 17. Bb3 Na5 18. Ba2 Nc4 19. Bxc4 Rxc4 20. Ne2 Rfc8 21. Rxc4 Rxc4 22. Rc1 Rxc1+ 23. Nxc1 e5 24. Ne2 exd4 25. Nexd4 Qg4 26. Qf2 Qe4 27. h3 Bh6 28. Nc2 Qd3 29. Ne5 Qd1+ 30. Kh2 Qd5 31. Nf3 Qc5 32. Ncd4 Qc7+ 33. Qg3 Qxg3+ 34. Kxg3 Bxe3 35. Nc2 Bc1 36. b4 Be4 37. Nfd4 f5 38. Kf2 h5 39. g4 hxg4 40. hxg4 fxg4 41. Kg3 Bf5 42. Kf2 Kf7 43. Ke2 Kf6 44. Kd1 Bb2 45. Nc6 Bxc2+ 46. Kxc2 Bxa3 47. Kb3 g3 48. Nd4 g2 49. Ne2 Bc1 0-1

[Event "Geoagiu Bai Hunedoara op"]
[Site "Geoagiu Bai"]
[Date "2022.10.23"]
[Round "9"]
[White "Nastore, Pavel Alexandru"]
[Black "Butolo, Alexandru Mircea"]
[Result "1/2-1/2"]
[WhiteElo "2286"]
[BlackElo "1997"]
[PlyCount "45"]
[EventDate "2022.10.16"]
[EventType "swiss"]
[EventRounds "9"]
[EventCountry "ROU"]
[SourceTitle "CBM 210 Extra"]
[Source "ChessBase"]
[SourceDate "2022.11.30"]
[SourceVersion "1"]
[SourceVersionDate "2022.11.30"]
[SourceQuality "1"]

1. e4 c5 2. Nf3 Nc6 3. d4 cxd4 4. Nxd4 Nf6 5. Nc3 e6 6. Ndb5 Bc5 7. Bf4 0-0 8. Bd6 Qb6 9. Bxc5 Qxc5 10. Qd6 Qb6 11. Qc7 Qc5 12. Qd6 Qb6 13. Qc7 Qc5 14. Qd6 Qb6 15. Qd2 a6 16. Nd6 Qxb2 17. Rb1 Qa3 18. Be2 Ne8 19. Nc4 Qe7 20. Nb6 Rb8 21. 0-0 d6 22. f4 Nf6 23. Rfd1 1/2-1/2

[Event "Geoagiu Bai Hunedoara op"]
[Site "Geoagiu Bai"]
[Date "2022.10.21"]
[Round "7"]
[White "Nastore, Pavel Alexandru"]
[Black "Hulka, Valentyn"]
[Result "1/2-1/2"]
[WhiteElo "2286"]
[BlackElo "2108"]
[PlyCount "63"]
[EventDate "2022.10.16"]
[EventType "swiss"]
[EventRounds "9"]
[EventCountry "ROU"]
[SourceTitle "CBM 210 Extra"]
[Source "ChessBase"]
[SourceDate "2022.11.30"]
[SourceVersion "1"]
[SourceVersionDate "2022.11.30"]
[SourceQuality "1"]

1. e4 c5 2. Nf3 Nc6 3. d4 cxd4 4. Nxd4 Nf6 5. Nc3 e5 6. Ndb5 d6 7. Bg5 a6 8. Na3 b5 9. Nd5 Be7 10. Bxf6 Bxf6 11. c3 0-0 12. Nc2 Rb8 13. a4 bxa4 14. Ncb4 Nxb4 15. cxb4 Bb7 16. Rxa4 Qc8 17. Be2 Bxd5 18. exd5 e4 19. 0-0 Bxb2 20. Qb1 Qe8 21. b5 axb5 22. Rxe4 Be5 23. Qd3 Qe7 24. Rb4 Rfc8 25. Rxb5 Rxb5 26. Qxb5 g6 27. Qd3 Rc3 28. Qd2 Kg7 29. g3 Qc7 30. Kg2 Qc5 31. Rb1 Rc2 32. Qd3 1/2-1/2

[Event "ROM-chT"]
[Site "Oradea"]
[Date "2022.09.29"]
[Round "9.5"]
[White "Oprisor, Razvan Gabriel"]
[Black "Nastore, Pavel Alexandru"]
[Result "1/2-1/2"]
[WhiteElo "2175"]
[BlackElo "2279"]
[PlyCount "24"]
[EventDate "2022.09.21"]
[EventType "team-tourn"]
[EventRounds "9"]
[EventCountry "ROU"]
[SourceTitle "EXT 2024"]
[Source "ChessBase"]
[SourceDate "2023.10.10"]
[SourceVersion "1"]
[SourceVersionDate "2023.10.10"]
[SourceQuality "1"]
[WhiteTeam "Targoviste"]
[BlackTeam "Timisoara Vest Univ"]
[WhiteTeamCountry "ROU"]
[BlackTeamCountry "ROU"]

1. e4 c5 2. c4 Nc6 3. Nc3 g6 4. g3 Bg7 5. Bg2 d6 6. Nge2 Nf6 7. d3 0-0 8. 0-0 a6 9. h3 Rb8 10. f4 Nd7 11. a4 Nd4 12. Be3 e6 1/2-1/2

[Event "ROM-chT"]
[Site "Oradea"]
[Date "2022.09.23"]
[Round "3.3"]
[White "Nastore, Pavel Alexandru"]
[Black "Vajda, Albert"]
[Result "1/2-1/2"]
[WhiteElo "2279"]
[BlackElo "2305"]
[PlyCount "80"]
[EventDate "2022.09.21"]
[EventType "team-tourn"]
[EventRounds "9"]
[EventCountry "ROU"]
[SourceTitle "EXT 2024"]
[Source "ChessBase"]
[SourceDate "2023.10.10"]
[SourceVersion "1"]
[SourceVersionDate "2023.10.10"]
[SourceQuality "1"]
[WhiteTeam "Timisoara Vest Univ"]
[BlackTeam "Craiova Oltenia"]
[WhiteTeamCountry "ROU"]
[BlackTeamCountry "ROU"]

1. e4 c6 2. d4 d5 3. Nc3 dxe4 4. Nxe4 Bf5 5. Ng3 Bg6 6. h4 h6 7. Nf3 Nf6 8. Ne5 Bh7 9. Bd3 Bxd3 10. Qxd3 e6 11. Bd2 Nbd7 12. f4 Be7 13. 0-0-0 Qc7 14. Rhe1 Rd8 15. Qf3 0-0 16. f5 Bd6 17. Nh5 Nxh5 18. Nxd7 Rxd7 19. fxe6 fxe6 20. Qxh5 Bf4 21. c3 Rd5 22. Qg4 e5 23. Bxf4 exf4 24. Re4 Rdf5 25. Rf1 Qf7 26. b3 Rf6 27. Qf3 Re8 28. Rfe1 Rxe4 29. Rxe4 a5 30. Kb2 Rg6 31. Re5 Rg3 32. Qe2 Qg6 33. h5 Qd3 34. Re8+ Kh7 35. Qxd3+ Rxd3 36. Rf8 Rd2+ 37. Ka3 Rxg2 38. Rxf4 Rg5 39. Rh4 g6 40. hxg6+ Kxg6 1/2-1/2

[Event "ROM-chT"]
[Site "Oradea"]
[Date "2022.09.22"]
[Round "2.4"]
[White "Nastore, Pavel Alexandru"]
[Black "Anton, Teodor"]
[Result "0-1"]
[WhiteElo "2279"]
[BlackElo "2454"]
[PlyCount "68"]
[EventDate "2022.09.21"]
[EventType "team-tourn"]
[EventRounds "9"]
[EventCountry "ROU"]
[SourceTitle "EXT 2024"]
[Source "ChessBase"]
[SourceDate "2023.10.10"]
[SourceVersion "1"]
[SourceVersionDate "2023.10.10"]
[SourceQuality "1"]
[WhiteTeam "Timisoara Vest Univ"]
[BlackTeam "Timisoara Medicina"]
[WhiteTeamCountry "ROU"]
[BlackTeamCountry "ROU"]

1. e4 c5 2. Nf3 d6 3. d4 cxd4 4. Nxd4 Nf6 5. Nc3 a6 6. Bg5 Nbd7 7. Qe2 Qc7 8. f4 e6 9. 0-0-0 b5 10. a3 Be7 11. g4 Rb8 12. Bh4 h6 13. Bg3 b4 14. axb4 Rxb4 15. e5 Bb7 16. Bg2 dxe5 17. fxe5 Nxg4 18. Bxb7 Bg5+ 19. Kb1 Qxb7 20. Nb3 Ne3 21. Rde1 Nc5 22. h4 Nxb3 23. cxb3 Rxb3 24. hxg5 Rxc3 25. Rc1 Nd5 26. Qe1 Rxc1+ 27. Qxc1 Nc3+ 28. Qxc3 Qxh1+ 29. Ka2 Qd5+ 30. Ka3 hxg5 31. Qc8+ Qd8 32. Qc6+ Kf8 33. Be1 Rh3+ 34. b3 Kg8 0-1